Thi pháp của huyền thoại

Saved in:
Bibliographic Details
Main Author: Meletinsky, E. M.
Format: Book
Language:Undetermined
Published: Hà Nội Đại học Quốc Gia 2004
Subjects:
Tags: Add Tag
No Tags, Be the first to tag this record!
Institutions: Trung tâm Học liệu Trường Đại học Cần Thơ
LEADER 00623nam a2200205Ia 4500
001 CTU_73956
008 210402s9999 xx 000 0 und d
020 |c 50500 
082 |a 808.3 
082 |b M519 
100 |a Meletinsky, E. M. 
245 0 |a Thi pháp của huyền thoại 
245 0 |c E.M.Meletinsky ; Trần Nho Thìn, Song Mộc (dịch) 
260 |a Hà Nội 
260 |b Đại học Quốc Gia 
260 |c 2004 
650 |a Literature,Phê bình văn học 
650 |x History and criticsm 
904 |i Mai Loan, QHieu 
980 |a Trung tâm Học liệu Trường Đại học Cần Thơ